[Event "RUS-ch Boys U21 2021"]
[Site "Loo"]
[Date "2021.04.22"]
[Round "2.12"]
[White "Shemyakin, Valeriy"]
[Black "Marchuk, Rostislav"]
[Result "1/2-1/2"]
[WhiteElo "2168"]
[BlackElo "2080"]
[Annotator "ChessBase"]
[PlyCount "67"]
[EventDate "2021.04.21"]
[EventType "swiss"]
[EventCountry "RUS"]
[SourceTitle "playchess.com"]
[Source "ChessBase"]
[SourceQuality "1"]
[TimeControl "40/5400+30:1800+30"]

1. Nf3 {[%emt 0:01:00]} d5 {[%emt 0:00:00]} 2. g3 {[%emt 0:00:05]} Nf6 {[%emt 0:00:00]} 3. Bg2 {[%emt 0:00:08]} e6 {[%emt 0:00:24]} 4. O-O {[%emt 0:00:08]} c5 {[%emt 0:00:03]} 5. d4 {[%emt 0:00:12]} cxd4 {[%emt 0:00:07]} 6. Nxd4 {[%emt 0:00:06]} e5 {[%emt 0:00:03]} 7. Nb3 {[%emt 0:01:01]} Be6 {[%emt 0:07:37]} 8. c4 {[%emt 0:19:15]} Nc6 {[%emt 0:00:44]} 9. cxd5 {[%emt 0:00:23]} Bxd5 {[%emt 0:00:54]} 10. Nc3 {[%emt 0:00:35]} Bxg2 {[%emt 0:00:39]} 11. Kxg2 {[%emt 0:00:06]} Bb4 {[%emt 0:05:30]} 12. Bd2 {[%emt 0:02:08]} h5 {[%emt 0:09:17]} 13. a3 {[%emt 0:02:56]} Bxc3 {[%emt 0:03:29]} 14. Bxc3 {[%emt 0:00:27]} Nd5 {[%emt 0:02:39]} 15. Rc1 {[%emt 0:01:13]} h4 {[%emt 0:15:03]} 16. e4 {[%emt 0:07:07]} hxg3 {[%emt 0:06:53]} 17. hxg3 {[%emt 0:01:10]} Nf6 {[%emt 0:07:46]} 18. Qf3 {[%emt 0:25:12]} Qd7 {[%emt 0:06:34]} 19. Rh1 {[%emt 0:00:08]} Rxh1 {[%emt 0:00:39]} 20. Rxh1 {[%emt 0:01:16]} O-O-O {[%emt 0:00:11]} 21. Nc5 {[%emt 0:09:47]} Qd6 {[%emt 0:07:05]} 22. b4 {[%emt 0:01:41]} Kb8 {[%emt 0:04:40]} 23. Qe3 {[%emt 0:07:19]} Ka8 {[%emt 0:02:27]} 24. b5 {[%emt 0:10:16]} Nd4 {[%emt 0:01:58]} 25. Bb4 {[%emt 0:00:28]} Nc2 {[%emt 0:10:54]} 26. Qb3 {[%emt 0:00:18]} Nxb4 {[%emt 0:00:33]} 27. axb4 {[%emt 0:00:02]} b6 {[%emt 0:00:58]} 28. Na6 {[%emt 0:00:25]} Qd7 {[%emt 0:01:25]} 29. Rc1 {[%emt 0:04:59]} Rh8 {[%emt 0:00:42]} 30. Qc4 {[%emt 0:02:31]} Qh3+ {[%emt 0:01:22]} 31. Kf3 {[%emt 0:00:01]} Qh5+ {[%emt 0:00:27]} 32. Kg2 {[%emt 0:00:54]} Qh3+ {[%emt 0:00:13]} 33. Kf3 {[%emt 0:00:01]} Qh5+ {[%emt 0:00:23]} 34. Kg2 {[%emt 0:01:00]} 1/2-1/2

[Event "RUS-ch Boys U21 2021"]
[Site "Loo"]
[Date "2021.04.23"]
[Round "3.1"]
[White "Tsvetkov, Andrey"]
[Black "Murzin, Volodar"]
[Result "1-0"]
[WhiteElo "2404"]
[BlackElo "2478"]
[Annotator "ChessBase"]
[PlyCount "101"]
[EventDate "2021.04.21"]
[EventType "swiss"]
[EventCountry "RUS"]
[SourceTitle "playchess.com"]
[Source "ChessBase"]
[SourceQuality "1"]
[TimeControl "40/5400+30:1800+30"]

1. d4 {[%emt 0:00:00]} Nf6 {[%emt 0:01:45]} 2. c4 {[%emt 0:00:00]} g6 {[%emt 0:00:08]} 3. Nc3 {[%emt 0:00:00]} Bg7 {[%emt 0:00:04]} 4. e4 {[%emt 0:00:00]} d6 {[%emt 0:00:09]} 5. Nf3 {[%emt 0:00:00]} O-O {[%emt 0:00:07]} 6. Be2 {[%emt 0:00:00]} e5 {[%emt 0:01:30]} 7. Be3 {[%emt 0:00:01]} Na6 {[%emt 0:05:38]} 8. O-O {[%emt 0:00:34]} Ng4 {[%emt 0:00:25]} 9. Bg5 {[%emt 0:00:20]} Qe8 {[%emt 0:00:21]} 10. Rc1 {[%emt 0:09:28]} exd4 {[%emt 0:07:29]} 11. Nxd4 {[%emt 0:00:21]} Nxh2 {[%emt 0:01:53]} 12. Re1 {[%emt 0:00:05]} Ng4 {[%emt 0:01:15]} 13. Bxg4 {[%emt 0:06:56]} Bxg4 {[%emt 0:05:26]} 14. Qxg4 {[%emt 0:00:03]} Bxd4 {[%emt 0:00:04]} 15. e5 {[%emt 0:00:21]} Bxe5 {[%emt 0:07:46]} 16. Nd5 {[%emt 0:00:57]} Qe6 {[%emt 0:05:50]} 17. Bf6 {[%emt 0:00:45]} h6 {[%emt 0:12:15]} 18. Qh4 {[%emt 0:07:17]} Kh7 {[%emt 0:04:14]} 19. Rc3 {[%emt 0:15:11]} Qf5 {[%emt 0:09:55]} 20. Bxe5 {[%emt 0:22:18]} g5 {[%emt 0:04:05]} 21. Qh2 {[%emt 0:05:37]} dxe5 {[%emt 0:01:50]} 22. Rf3 {[%emt 0:00:12]} Qg6 {[%emt 0:00:17]} 23. Nf6+ {[%emt 0:00:19]} Kh8 {[%emt 0:00:24]} 24. Qxe5 {[%emt 0:00:36]} Qg7 {[%emt 0:00:27]} 25. Rh3 {[%emt 0:00:46]} Qg6 {[%emt 0:00:31]} 26. Nd7+ {[%emt 0:01:45]} f6 {[%emt 0:00:06]} 27. Nxf8 {[%emt 0:00:11]} Rxf8 {[%emt 0:00:05]} 28. Qe7 {[%emt 0:00:06]} Qg7 {[%emt 0:00:26]} 29. g4 {[%emt 0:03:36]} Nb8 {[%emt 0:00:36]} 30. Qxg7+ {[%emt 0:01:34]} Kxg7 {[%emt 0:00:01]} 31. Re7+ {[%emt 0:00:01]} Rf7 {[%emt 0:00:11]} 32. Rxf7+ {[%emt 0:00:03]} Kxf7 {[%emt 0:00:04]} 33. Rxh6 {[%emt 0:00:02]} Nd7 {[%emt 0:00:23]} 34. Rh7+ {[%emt 0:01:00]} Ke6 {[%emt 0:00:01]} 35. f3 {[%emt 0:00:43]} Kd6 {[%emt 0:00:04]} 36. Kf2 {[%emt 0:00:14]} a5 {[%emt 0:00:13]} 37. Ke3 {[%emt 0:03:17]} b6 {[%emt 0:00:06]} 38. Ke4 {[%emt 0:01:59]} Ke6 {[%emt 0:00:08]} 39. Rh8 {[%emt 0:00:34]} Nc5+ {[%emt 0:00:25]} 40. Kd4 {[%emt 0:00:00]} Kd6 {[%emt 0:00:00]} 41. Rh7 {[%emt 0:05:24]} Nd7 {[%emt 0:00:38]} 42. b3 {[%emt 0:00:25]} Nc5 {[%emt 0:00:17]} 43. Rf7 {[%emt 0:00:52]} Nd7 {[%emt 0:00:08]} 44. a3 {[%emt 0:00:40]} Ke6 {[%emt 0:00:04]} 45. Rh7 {[%emt 0:00:40]} Kd6 {[%emt 0:00:16]} 46. Ke4 {[%emt 0:07:41]} Ke6 {[%emt 0:01:04]} 47. b4 {[%emt 0:00:28]} axb4 {[%emt 0:00:05]} 48. axb4 {[%emt 0:00:01]} c6 {[%emt 0:00:06]} 49. Rh8 {[%emt 0:00:50]} Kd6 {[%emt 0:00:43]} 50. Re8 {[%emt 0:01:05]} Ne5 {[%emt 0:00:11]} 51. Rxe5 {[%emt 0:00:21]} 1-0

[Event "RUS-ch Boys U21 2021"]
[Site "Loo"]
[Date "2021.04.23"]
[Round "3.2"]
[White "Obgolts, Erik"]
[Black "Makoveev, Ilya"]
[Result "1-0"]
[WhiteElo "2414"]
[BlackElo "2315"]
[Annotator "NA"]
[PlyCount "75"]
[EventDate "2021.04.21"]
[EventType "swiss"]
[EventCountry "RUS"]
[SourceTitle "playchess.com"]
[Source "ChessBase"]
[SourceQuality "1"]
[TimeControl "40/5400+30:1800+30"]

1. e4 {[%emt 0:00:00]} c5 {[%emt 0:00:00]} 2. Nf3 {[%emt 0:00:00]} d6 {[%emt 0:00:00]} 3. d4 {[%emt 0:00:00]} cxd4 {[%emt 0:00:21]} 4. Nxd4 {[%emt 0:00:00]} Nf6 {[%emt 0:00:07]} 5. Nc3 {[%emt 0:00:02]} Bd7 {[%emt 0:03:20]} 6. Bg5 {[%emt 0:04:03]} e6 {[%emt 0:00:49]} 7. Qd3 {[%emt 0:03:38]} Be7 {[%emt 0:18:17]} 8. Ndb5 {[%emt 0:06:32]} O-O {[%emt 0:12:14]} 9. Nxd6 {[%emt 0:03:07]} Qa5 {[%emt 0:15:44]} 10. Bd2 {[%emt 0:06:04]} Qc5 {[%emt 0:01:11]} 11. Ndb5 {[%emt 0:08:18]} Nc6 {[%emt 0:06:09]} 12. Be3 {[%emt 0:03:04]} Qb4 {[%emt 0:02:01]} 13. a3 {[%emt 0:13:49]} Qa5 {[%emt 0:00:10]} 14. O-O-O {[%emt 0:05:07]} Rfd8 {[%emt 0:04:45]} 15. Qc4 {[%emt 0:11:26]} a6 {[%emt 0:03:32]} 16. Nd4 {[%emt 0:06:03]} Ne5 {[%emt 0:03:59]} 17. Qb3 {[%emt 0:00:14]} Rac8 {[%emt 0:05:31]} 18. f3 {[%emt 0:02:38]} b5 {[%emt 0:00:50]} 19. Na2 {[%emt 0:01:58]} Nc4 {[%emt 0:03:25]} 20. Bxc4 {[%emt 0:01:11]} Rxc4 {[%emt 0:00:15]} 21. Kb1 {[%emt 0:05:27]} Rdc8 {[%emt 0:00:42]} 22. Qd3 {[%emt 0:01:19]} e5 {[%emt 0:03:22]} 23. Bd2 {[%emt 0:03:50]} Qc7 {[%emt 0:01:28]} 24. Nb3 {[%emt 0:00:08]} Be6 {[%emt 0:01:02]} 25. Ba5 {[%emt 0:00:23]} Qa7 {[%emt 0:04:30]} 26. Nb4 {[%emt 0:01:38]} Nd7 {[%emt 0:02:48]} 27. Nd5 {[%emt 0:03:32]} Bf8 {[%emt 0:00:07]} 28. c3 {[%emt 0:00:46]} h6 {[%emt 0:01:14]} 29. Bb4 {[%emt 0:00:49]} Nc5 {[%emt 0:01:21]} 30. Qe3 {[%emt 0:01:38]} f5 {[%emt 0:02:49]} 31. Na5 {[%emt 0:02:10]} fxe4 {[%emt 0:01:58]} 32. Nxc4 {[%emt 0:00:07]} bxc4 {[%emt 0:00:07]} 33. Bxc5 {[%emt 0:02:54]} Rxc5 {[%emt 0:01:16]} 34. fxe4 {[%emt 0:01:19]} Qb8 {[%emt 0:01:05]} 35. a4 Qb3 {[%emt 0:00:30]} 36. Rhf1 {[%emt 0:01:23]} Ra5 {[%emt 0:00:30]} 37. Qb6 {[%emt 0:01:03]} Qxa4 {[%emt 0:00:29]} 38. Qxe6+ 1-0

[Event "RUS-ch Boys U21 2021"]
[Site "Loo"]
[Date "2021.04.23"]
[Round "3.3"]
[White "Marchenko, Nikolay"]
[Black "Lobanov, Sergei"]
[Result "0-1"]
[WhiteElo "2062"]
[BlackElo "2520"]
[Annotator "ChessBase"]
[PlyCount "101"]
[EventDate "2021.04.21"]
[EventType "swiss"]
[EventCountry "RUS"]
[SourceTitle "playchess.com"]
[Source "ChessBase"]
[SourceQuality "1"]
[TimeControl "40/5400+30:1800+30"]

1. d4 {[%emt 0:00:00]} Nf6 {[%emt 0:00:00]} 2. Bf4 {[%emt 0:00:00]} d5 {[%emt 0:00:00]} 3. e3 {[%emt 0:00:44]} c5 {[%emt 0:00:01]} 4. Nc3 {[%emt 0:00:06]} cxd4 {[%emt 0:00:26]} 5. exd4 {[%emt 0:00:05]} Bg4 {[%emt 0:00:19]} 6. Nf3 {[%emt 0:00:34]} Nc6 {[%emt 0:01:19]} 7. Be2 {[%emt 0:05:09]} e6 {[%emt 0:00:28]} 8. Ne5 {[%emt 0:00:22]} Bxe2 {[%emt 0:02:47]} 9. Nxe2 {[%emt 0:00:08]} Nxe5 {[%emt 0:05:56]} 10. dxe5 {[%emt 0:13:58]} Nd7 {[%emt 0:00:05]} 11. O-O {[%emt 0:01:14]} Bc5 {[%emt 0:06:42]} 12. c3 {[%emt 0:04:23]} O-O {[%emt 0:00:20]} 13. Nd4 {[%emt 0:01:56]} Qb6 {[%emt 0:05:37]} 14. Rb1 {[%emt 0:03:16]} Rac8 {[%emt 0:09:51]} 15. Nc2 {[%emt 0:08:38]} Qa6 {[%emt 0:09:38]} 16. a3 {[%emt 0:07:48]} Bb6 {[%emt 0:00:07]} 17. Qg4 {[%emt 0:03:52]} Qd3 {[%emt 0:00:58]} 18. Nb4 {[%emt 0:04:59]} Qg6 {[%emt 0:00:44]} 19. Qxg6 {[%emt 0:02:17]} hxg6 {[%emt 0:01:34]} 20. Rfe1 {[%emt 0:02:00]} Rc4 {[%emt 0:02:13]} 21. Be3 {[%emt 0:02:08]} Bxe3 {[%emt 0:12:29]} 22. Rxe3 {[%emt 0:00:06]} a5 {[%emt 0:00:13]} 23. Nc2 {[%emt 0:03:01]} b5 {[%emt 0:00:05]} 24. Kf1 {[%emt 0:04:41]} Rfc8 {[%emt 0:00:17]} 25. f3 {[%emt 0:00:49]} Kf8 {[%emt 0:04:01]} 26. g3 {[%emt 0:01:50]} g5 {[%emt 0:00:29]} 27. Ke2 {[%emt 0:01:34]} Ke7 {[%emt 0:00:06]} 28. Kd2 {[%emt 0:00:23]} Rh8 {[%emt 0:01:01]} 29. Re2 {[%emt 0:01:57]} Rb8 {[%emt 0:04:46]} 30. Re3 {[%emt 0:03:44]} Rcc8 {[%emt 0:00:21]} 31. Re2 {[%emt 0:06:01]} Nc5 {[%emt 0:00:29]} 32. Rf1 {[%emt 0:00:56]} Nb3+ {[%emt 0:01:52]} 33. Kd3 {[%emt 0:00:14]} Rh8 {[%emt 0:09:42]} 34. Rg2 {[%emt 0:01:45]} f6 {[%emt 0:06:13]} 35. Re1 {[%emt 0:01:22]} Kd7 {[%emt 0:04:14]} 36. Rf2 {[%emt 0:01:28]} Rh3 {[%emt 0:00:38]} 37. exf6 {[%emt 0:06:33]} gxf6 {[%emt 0:00:04]} 38. Nd4 {[%emt 0:00:23]} Nc5+ {[%emt 0:02:30]} 39. Ke3 {[%emt 0:00:07]} e5 {[%emt 0:04:25]} 40. Nc2 {[%emt 0:00:00]} f5 {[%emt 0:00:00]} 41. Rd1 {[%emt 0:09:10]} Ke6 {[%emt 0:05:36]} 42. Rg2 {[%emt 0:00:29]} Rbh8 {[%emt 0:02:20]} 43. Rdd2 {[%emt 0:00:50]} Rxh2 {[%emt 0:00:18]} 44. Rxh2 {[%emt 0:01:33]} f4+ {[%emt 0:00:05]} 45. gxf4 {[%emt 0:00:02]} gxf4+ {[%emt 0:00:19]} 46. Kf2 {[%emt 0:00:04]} Rxh2+ {[%emt 0:00:05]} 47. Ke1 {[%emt 0:00:03]} Nd3+ {[%emt 0:00:47]} 48. Rxd3 {[%emt 0:00:49]} Rxc2 {[%emt 0:00:03]} 49. Rd2 {[%emt 0:00:27]} Rxd2 {[%emt 0:00:24]} 50. Kxd2 {[%emt 0:00:04]} a4 {[%emt 0:00:05]} 51. Kd1 0-1

[Event "RUS-ch Boys U21 2021"]
[Site "Loo"]
[Date "2021.04.23"]
[Round "3.4"]
[White "Nesterov, Arseniy"]
[Black "Dudin, Gleb"]
[Result "0-1"]
[WhiteElo "2482"]
[BlackElo "2418"]
[Annotator "ChessBase"]
[PlyCount "104"]
[EventDate "2021.04.21"]
[EventType "swiss"]
[EventCountry "RUS"]
[SourceTitle "playchess.com"]
[Source "ChessBase"]
[SourceQuality "1"]
[TimeControl "40/5400+30:1800+30"]

1. e4 {[%emt 0:00:00]} c6 {[%emt 0:02:05]} 2. d4 {[%emt 0:00:00]} d5 {[%emt 0:00:06]} 3. exd5 {[%emt 0:00:00]} cxd5 {[%emt 0:00:10]} 4. Bd3 {[%emt 0:00:00]} Nc6 {[%emt 0:03:11]} 5. c3 {[%emt 0:00:02]} Qc7 {[%emt 0:00:06]} 6. Ne2 {[%emt 0:00:09]} Bg4 {[%emt 0:01:43]} 7. O-O {[%emt 0:00:11]} e6 {[%emt 0:00:06]} 8. Qe1 {[%emt 0:00:06]} Nf6 {[%emt 0:01:34]} 9. Bg5 {[%emt 0:00:49]} Bxe2 {[%emt 0:03:00]} 10. Qxe2 {[%emt 0:00:05]} Bd6 {[%emt 0:00:09]} 11. h3 {[%emt 0:01:29]} h6 {[%emt 0:15:04]} 12. Bh4 {[%emt 0:00:25]} Nd7 {[%emt 0:18:59]} 13. Qf3 {[%emt 0:10:48]} O-O {[%emt 0:16:42]} 14. Nd2 {[%emt 0:07:05]} a6 {[%emt 0:04:22]} 15. a4 {[%emt 0:02:28]} g6 {[%emt 0:11:43]} 16. Rfe1 {[%emt 0:08:44]} Kg7 {[%emt 0:02:16]} 17. Nf1 {[%emt 0:01:04]} Rae8 {[%emt 0:03:16]} 18. Re2 {[%emt 0:04:58]} e5 {[%emt 0:04:02]} 19. Qxd5 {[%emt 0:06:43]} Nb6 {[%emt 0:01:50]} 20. Qb3 {[%emt 0:04:48]} exd4 {[%emt 0:00:24]} 21. Rxe8 {[%emt 0:00:06]} Rxe8 {[%emt 0:00:03]} 22. a5 {[%emt 0:01:22]} Nd7 {[%emt 0:00:35]} 23. cxd4 {[%emt 0:00:36]} Nxd4 {[%emt 0:01:08]} 24. Qd5 {[%emt 0:01:58]} Be5 {[%emt 0:03:35]} 25. Ra4 {[%emt 0:13:38]} Nc6 {[%emt 0:00:09]} 26. Re4 {[%emt 0:09:13]} Re6 {[%emt 0:00:06]} 27. b4 {[%emt 0:08:54]} Rd6 {[%emt 0:04:15]} 28. Qc4 {[%emt 0:00:27]} f5 {[%emt 0:00:29]} 29. Re3 {[%emt 0:07:13]} Rd4 {[%emt 0:00:17]} 30. Qe6 {[%emt 0:01:08]} Nf8 {[%emt 0:02:06]} 31. Qe8 {[%emt 0:01:28]} Rxh4 {[%emt 0:00:35]} 32. Bxf5 {[%emt 0:00:08]} gxf5 {[%emt 0:01:21]} 33. Ng3 {[%emt 0:00:03]} Qd7 {[%emt 0:00:28]} 34. Qxd7+ {[%emt 0:00:10]} Nxd7 {[%emt 0:00:22]} 35. Nxf5+ {[%emt 0:00:00]} Kf6 {[%emt 0:00:39]} 36. Nxh4 {[%emt 0:00:01]} Nxb4 {[%emt 0:00:33]} 37. Rf3+ {[%emt 0:00:35]} Ke6 {[%emt 0:00:26]} 38. g4 {[%emt 0:01:04]} Nc6 {[%emt 0:00:25]} 39. Nf5 {[%emt 0:00:21]} Nxa5 {[%emt 0:00:38]} 40. Nxh6 {[%emt 0:00:00]} b5 {[%emt 0:00:00]} 41. Ra3 {[%emt 0:02:10]} Bc7 {[%emt 0:06:21]} 42. g5 {[%emt 0:00:51]} b4 {[%emt 0:09:10]} 43. Re3+ {[%emt 0:00:05]} Ne5 {[%emt 0:00:05]} 44. g6 {[%emt 0:14:38]} Kf6 {[%emt 0:02:17]} 45. Rxe5 {[%emt 0:00:14]} Bxe5 {[%emt 0:03:07]} 46. Ng4+ {[%emt 0:00:04]} Kg7 {[%emt 0:01:15]} 47. Nxe5 {[%emt 0:00:01]} b3 {[%emt 0:00:09]} 48. Nd3 {[%emt 0:00:03]} Nc4 {[%emt 0:00:26]} 49. Kf1 {[%emt 0:00:05]} a5 {[%emt 0:00:21]} 50. Ke1 {[%emt 0:00:56]} a4 {[%emt 0:00:08]} 51. Kd1 {[%emt 0:00:10]} a3 {[%emt 0:00:31]} 52. Nc1 {[%emt 0:00:26]} b2 {[%emt 0:00:09]} 0-1

[Event "RUS-ch Boys U21 2021"]
[Site "Loo"]
[Date "2021.04.23"]
[Round "3.5"]
[White "Makarian, Rudik"]
[Black "Zhafyarov, Adel"]
[Result "1/2-1/2"]
[WhiteElo "2468"]
[BlackElo "2252"]
[Annotator "ChessBase"]
[PlyCount "86"]
[EventDate "2021.04.21"]
[EventType "swiss"]
[EventCountry "RUS"]
[SourceTitle "playchess.com"]
[Source "ChessBase"]
[SourceQuality "1"]
[TimeControl "40/5400+30:1800+30"]

1. d4 {[%emt 0:00:00]} d5 {[%emt 0:00:01]} 2. c4 {[%emt 0:00:16]} e6 {[%emt 0:00:27]} 3. Nf3 {[%emt 0:00:30]} c6 {[%emt 0:04:04]} 4. b3 {[%emt 0:00:09]} Nf6 {[%emt 0:03:09]} 5. g3 {[%emt 0:00:44]} Bb4+ {[%emt 0:01:07]} 6. Nbd2 {[%emt 0:01:24]} O-O {[%emt 0:08:25]} 7. Bg2 {[%emt 0:17:00]} Bc3 {[%emt 0:16:47]} 8. Rb1 {[%emt 0:02:09]} e5 {[%emt 0:05:46]} 9. dxe5 {[%emt 0:01:53]} Ne4 {[%emt 0:01:47]} 10. O-O {[%emt 0:03:13]} Bf5 {[%emt 0:08:27]} 11. Nh4 {[%emt 0:21:13]} Nxd2 {[%emt 0:01:11]} 12. Bxd2 {[%emt 0:00:06]} Bxb1 {[%emt 0:01:17]} 13. Bxc3 {[%emt 0:00:04]} Be4 {[%emt 0:00:24]} 14. Bxe4 {[%emt 0:09:45]} dxe4 {[%emt 0:00:01]} 15. Qc2 {[%emt 0:00:06]} Re8 {[%emt 0:04:28]} 16. Nf5 {[%emt 0:00:35]} Qg5 {[%emt 0:08:38]} 17. Nd6 {[%emt 0:04:49]} Re7 {[%emt 0:00:04]} 18. Qxe4 {[%emt 0:04:30]} Nd7 {[%emt 0:13:40]} 19. f4 {[%emt 0:00:50]} Qg4 {[%emt 0:01:07]} 20. Nxb7 {[%emt 0:06:46]} Nxe5 {[%emt 0:02:57]} 21. Bxe5 {[%emt 0:00:12]} f6 {[%emt 0:01:44]} 22. Nd6 {[%emt 0:08:21]} fxe5 {[%emt 0:00:20]} 23. Qxc6 {[%emt 0:00:03]} Rf8 {[%emt 0:03:42]} 24. Qd5+ {[%emt 0:00:14]} Qe6 {[%emt 0:00:03]} 25. fxe5 {[%emt 0:00:10]} Qxd5 {[%emt 0:02:06]} 26. cxd5 {[%emt 0:00:07]} Rxe5 {[%emt 0:00:07]} 27. e4 {[%emt 0:00:19]} Rf6 {[%emt 0:06:22]} 28. Rxf6 {[%emt 0:00:46]} gxf6 {[%emt 0:00:02]} 29. Kf2 {[%emt 0:00:12]} f5 {[%emt 0:00:05]} 30. Ke3 {[%emt 0:04:36]} fxe4 {[%emt 0:00:20]} 31. Nxe4 {[%emt 0:00:02]} Kf8 {[%emt 0:00:43]} 32. Kd4 {[%emt 0:01:48]} Rf5 {[%emt 0:00:24]} 33. Kc5 {[%emt 0:00:25]} Re5 {[%emt 0:01:18]} 34. Nc3 {[%emt 0:01:16]} Re3 {[%emt 0:01:38]} 35. Na4 {[%emt 0:02:04]} Re2 {[%emt 0:00:20]} 36. a3 {[%emt 0:00:15]} Rxh2 {[%emt 0:00:45]} 37. Nc3 {[%emt 0:06:33]} Ke7 {[%emt 0:01:45]} 38. b4 {[%emt 0:00:29]} Rg2 {[%emt 0:00:22]} 39. Ne4 {[%emt 0:03:01]} Rc2+ {[%emt 0:01:57]} 40. Kd4 {[%emt 0:00:00]} Ra2 {[%emt 0:00:00]} 41. d6+ {[%emt 0:10:42]} Ke6 {[%emt 0:02:02]} 42. a4 {[%emt 0:00:11]} h6 {[%emt 0:00:12]} 43. a5 {[%emt 0:00:42]} Rb2 {[%emt 0:04:58]} 1/2-1/2

[Event "RUS-ch Boys U21 2021"]
[Site "Loo"]
[Date "2021.04.23"]
[Round "3.6"]
[White "Vetokhin, Savva"]
[Black "Shubin, Kirill"]
[Result "0-1"]
[WhiteElo "2261"]
[BlackElo "2466"]
[Annotator "ChessBase"]
[PlyCount "82"]
[EventDate "2021.04.21"]
[EventType "swiss"]
[EventCountry "RUS"]
[SourceTitle "playchess.com"]
[Source "ChessBase"]
[SourceQuality "1"]
[TimeControl "40/5400+30:1800+30"]

1. e4 {[%emt 0:00:00]} c5 {[%emt 0:00:00]} 2. Nf3 {[%emt 0:00:00]} Nc6 {[%emt 0:00:00]} 3. d4 {[%emt 0:00:00]} cxd4 {[%emt 0:00:00]} 4. Nxd4 {[%emt 0:00:00]} Nf6 {[%emt 0:00:00]} 5. Nc3 {[%emt 0:00:00]} d6 {[%emt 0:00:00]} 6. Bg5 {[%emt 0:00:08]} e6 {[%emt 0:00:00]} 7. Qd2 {[%emt 0:00:19]} a6 {[%emt 0:00:00]} 8. O-O-O {[%emt 0:00:09]} Bd7 {[%emt 0:00:01]} 9. f4 {[%emt 0:00:10]} Be7 {[%emt 0:00:04]} 10. Nf3 {[%emt 0:00:09]} b5 {[%emt 0:00:46]} 11. Bxf6 {[%emt 0:00:56]} gxf6 {[%emt 0:00:04]} 12. g3 {[%emt 0:00:32]} b4 {[%emt 0:03:42]} 13. Ne2 {[%emt 0:01:45]} a5 {[%emt 0:00:08]} 14. Kb1 {[%emt 0:08:23]} a4 {[%emt 0:01:13]} 15. Ned4 {[%emt 0:01:38]} Nxd4 {[%emt 0:07:51]} 16. Nxd4 {[%emt 0:01:40]} Qb6 {[%emt 0:02:30]} 17. Bc4 {[%emt 0:08:29]} O-O {[%emt 0:06:27]} 18. f5 {[%emt 0:05:33]} e5 {[%emt 0:00:44]} 19. Nf3 {[%emt 0:00:22]} Rfc8 {[%emt 0:04:02]} 20. Bd5 {[%emt 0:03:21]} Bc6 {[%emt 0:01:04]} 21. Qe2 {[%emt 0:13:18]} Qc5 {[%emt 0:03:51]} 22. Ne1 {[%emt 0:04:04]} b3 {[%emt 0:05:55]} 23. a3 {[%emt 0:06:46]} Bxd5 {[%emt 0:04:11]} 24. Rxd5 {[%emt 0:00:06]} Qc4 {[%emt 0:00:06]} 25. Qd3 {[%emt 0:18:04]} Qxd3 {[%emt 0:09:24]} 26. cxd3 {[%emt 0:00:12]} Bf8 {[%emt 0:00:30]} 27. d4 {[%emt 0:02:56]} Rc4 {[%emt 0:00:59]} 28. Nd3 {[%emt 0:01:46]} Rac8 {[%emt 0:00:30]} 29. g4 {[%emt 0:01:34]} exd4 {[%emt 0:01:05]} 30. g5 {[%emt 0:01:34]} fxg5 {[%emt 0:00:12]} 31. Rg1 {[%emt 0:01:51]} f6 {[%emt 0:00:48]} 32. h4 {[%emt 0:00:31]} h6 {[%emt 0:01:03]} 33. Nf4 {[%emt 0:03:23]} R8c5 {[%emt 0:02:55]} 34. hxg5 {[%emt 0:02:20]} hxg5 {[%emt 0:00:04]} 35. Ne6 {[%emt 0:02:18]} Rxd5 {[%emt 0:00:14]} 36. exd5 {[%emt 0:00:19]} d3 {[%emt 0:00:23]} 37. Rd1 {[%emt 0:00:26]} Bh6 {[%emt 0:01:20]} 38. Rxd3 {[%emt 0:00:30]} g4 {[%emt 0:00:15]} 39. Rd1 {[%emt 0:01:11]} Be3 {[%emt 0:00:21]} 40. Re1 {[%emt 0:00:00]} Bf2 {[%emt 0:00:00]} 41. Rd1 {[%emt 0:05:00]} g3 {[%emt 0:00:17]} 0-1

[Event "RUS-ch Boys U21 2021"]
[Site "Loo"]
[Date "2021.04.23"]
[Round "3.7"]
[White "Pogosyan, Stefan"]
[Black "Akhtariev, Andrey"]
[Result "1-0"]
[WhiteElo "2444"]
[BlackElo "2190"]
[Annotator "NA"]
[PlyCount "69"]
[EventDate "2021.04.21"]
[EventType "swiss"]
[EventCountry "RUS"]
[SourceTitle "playchess.com"]
[Source "ChessBase"]
[SourceQuality "1"]
[TimeControl "40/5400+30:1800+30"]

1. Nf3 {[%emt 0:04:00]} c5 {[%emt 0:00:00]} 2. g3 {[%emt 0:00:38]} Nc6 {[%emt 0:00:03]} 3. Bg2 {[%emt 0:00:08]} g6 {[%emt 0:00:18]} 4. O-O {[%emt 0:00:42]} Bg7 {[%emt 0:00:11]} 5. c4 {[%emt 0:02:26]} e5 {[%emt 0:00:49]} 6. Nc3 {[%emt 0:00:31]} Nge7 {[%emt 0:00:06]} 7. d3 {[%emt 0:03:39]} O-O {[%emt 0:00:42]} 8. a3 {[%emt 0:02:43]} Rb8 {[%emt 0:01:20]} 9. Rb1 {[%emt 0:02:47]} d6 {[%emt 0:00:39]} 10. b4 {[%emt 0:01:01]} f5 {[%emt 0:00:34]} 11. Bd2 {[%emt 0:04:18]} h6 {[%emt 0:01:38]} 12. Qa4 {[%emt 0:13:06]} a6 {[%emt 0:09:42]} 13. bxc5 {[%emt 0:05:43]} dxc5 {[%emt 0:00:15]} 14. Nd5 {[%emt 0:00:19]} Be6 {[%emt 0:07:52]} 15. Nxe7+ {[%emt 0:00:41]} Qxe7 {[%emt 0:00:22]} 16. Nh4 {[%emt 0:02:46]} Kh7 {[%emt 0:18:36]} 17. Bxc6 {[%emt 0:01:34]} bxc6 {[%emt 0:00:11]} 18. Qxc6 {[%emt 0:00:29]} g5 {[%emt 0:01:13]} 19. Nf3 {[%emt 0:11:55]} e4 {[%emt 0:07:21]} 20. dxe4 {[%emt 0:03:24]} Bxc4 {[%emt 0:02:32]} 21. Rxb8 {[%emt 0:04:56]} Rxb8 {[%emt 0:00:13]} 22. exf5 {[%emt 0:00:08]} Kh8 {[%emt 0:16:57]} 23. Re1 {[%emt 0:09:02]} Bb5 {[%emt 0:07:56]} 24. Qg6 {[%emt 0:00:24]} Qe8 {[%emt 0:05:34]} 25. Qd6 {[%emt 0:06:04]} Rd8 {[%emt 0:00:58]} 26. Qxc5 {[%emt 0:00:27]} g4 {[%emt 0:01:24]} 27. f6 {[%emt 0:00:13]} Bxf6 {[%emt 0:06:15]} 28. Bc3 {[%emt 0:01:32]} Qf7 {[%emt 0:00:10]} 29. Qf5 {[%emt 0:01:15]} Rf8 {[%emt 0:00:42]} 30. Bxf6+ {[%emt 0:00:38]} Qxf6 {[%emt 0:00:04]} 31. Qxg4 {[%emt 0:00:10]} Rd8 {[%emt 0:02:02]} 32. a4 {[%emt 0:01:19]} Bc6 {[%emt 0:00:19]} 33. Rc1 {[%emt 0:00:39]} a5 {[%emt 0:01:23]} 34. Rc5 {[%emt 0:02:07]} Rg8 {[%emt 0:00:47]} 35. Qd4 {[%emt 0:00:32]} 1-0